000 00414cam a2200157ua 4500
041 _aeng
_h
082 _a621.0427
_bPAL/SO
100 _aPalz, W .
245 _aSolar energy R&D in the European community: Wind energy /
_cW.Palz.
_hTextual Documents
260 _a :
_bD.Reidel Publishing Company ,
_c1983.
300 _a220 ; .
504 _a
700 1 _aSchnell, W .
942 _cBK
999 _c5372
_d5372